Historia de la filosofía (Record no. 51669)
[ view plain ]
| 000 -LEADER | |
|---|---|
| campo de control de longitud fija | 01284nam a2200229 i 4500 |
| 001 - NÚMERO DE CONTROL | |
| campo de control | 51669 |
| 003 - IDENTIFICADOR DE NÚMERO DE CONTROL | |
| campo de control | ES-MaACL |
| 005 - FECHA Y HORA DE LA ÚLTIMA TRANSACCIÓN | |
| campo de control | 20230906162415.0 |
| 007 - CAMPO FIJO DE DESCRIPCIÓN FÍSICA--INFORMACIÓN GENERAL | |
| campo de control de longitud fija | t| |
| 008 - DATOS DE LONGITUD FIJA--INFORMACIÓN GENERAL | |
| campo de control de longitud fija | 030814s1982 sp ||||1| spa d |
| 100 0# - ENTRADA PRINCIPAL--NOMBRE DE PERSONA | |
| Nombre de persona | Châtelet, François. |
| 9 (RLIN) | 38187 |
| 245 10 - MENCIÓN DEL TÍTULO | |
| Título | Historia de la filosofía |
| Resto del título | : ideas, doctrinas / |
| Mención de responsabilidad, etc. | por François Chatelet ; traducción del francés por Victorio Peral Domínguez, María Luisa Pérez Torres, Francisco Javier Aguirre González. |
| 250 ## - MENCION DE EDICION | |
| Mención de edición | 2ª ed. |
| 260 ## - PUBLICACIÓN, DISTRIBUCIÓN, ETC. | |
| Lugar de publicación, distribución, etc. | Madrid : |
| Nombre del editor, distribuidor, etc. | Espasa-Calpe, |
| Fecha de publicación, distribución, etc. | 1982. |
| 300 ## - DESCRIPCIÓN FÍSICA | |
| Extensión | 4 v. ; |
| Dimensiones | 23 cm. |
| 505 8# - NOTA DE CONTENIDO CON FORMATO | |
| Nota de contenido con formato | Contiene: La filosofía pagana : (del siglo VI a.c. al siglo III d.c.). La filosofía medieval : (del siglo I al siglo XV). -- T. II: La filosofía del mundo moderno : (siglos XVI y XVIII). Los ilustrados (el siglo XVIII). -- T. III: La filosofía y la historia : (1780-1880). La filosofía del mundo científico e industrial : (1860-1940). -- T. IV: La filosofía de las ciencias sociales (de 1860 a nuestros días). Historia de la filosofía (el siglo XX) |
| 650 #4 - PUNTO DE ACCESO ADICIONAL DE MATERIA--TÉRMINO DE MATERIA | |
| Término de materia o nombre geográfico como elemento de entrada | Filosofía- |
| Subdivisión de forma | Historia. |
| 9 (RLIN) | 158248 |
| 700 1# - ENTRADA AGREGADA--NOMBRE PERSONAL | |
| Nombre de persona | Peral Domínguez, Victorio. |
| 9 (RLIN) | 90355 |
| 700 1# - ENTRADA AGREGADA--NOMBRE PERSONAL | |
| Nombre de persona | Pérez Torres, María Luisa. |
| 9 (RLIN) | 91178 |
| 700 1# - ENTRADA AGREGADA--NOMBRE PERSONAL | |
| Nombre de persona | Aguirre González, Francisco Javier. |
| 9 (RLIN) | 18877 |
| 852 ## - LOCALIZACIÓN | |
| Ubicación | ES-MaACL |
| Número de control de estantería | L-2767-70 |
| Sublocalización o colección | R.103625 |
| Estatus retirado | Estado de pérdida | Estado de daño | No para préstamo | Biblioteca de origen | Biblioteca actual | Ubicación en estantería | Fecha de adquisición | Fuente de adquisición | Total de préstamos | Signatura topográfica completa | Código de barras | Visto por última vez | Precio de reemplazo | Tipo de ítem Koha |
|---|---|---|---|---|---|---|---|---|---|---|---|---|---|---|
| Biblioteca del Ateneo de Madrid | Biblioteca del Ateneo de Madrid | Depósito 2 | 17/01/2008 | L-2767-70 | 1054335 | 23/02/2023 | 23/02/2023 | Libro impreso |
